<?xml version="1.0" encoding="UTF-8"?>
<record
    xmlns:xsi="http://www.w3.org/2001/XMLSchema-instance"
    xsi:schemaLocation="http://www.loc.gov/MARC21/slim http://www.loc.gov/standards/marcxml/schema/MARC21slim.xsd"
    xmlns="http://www.loc.gov/MARC21/slim">

  <leader>00753nam a2200217Ia 4500</leader>
  <controlfield tag="005">20220323155932.0</controlfield>
  <controlfield tag="008">210716s2005    xx            000 0 und d</controlfield>
  <datafield tag="020" ind1=" " ind2=" ">
    <subfield code="a">9789332537019</subfield>
  </datafield>
  <datafield tag="040" ind1=" " ind2=" ">
    <subfield code="c">AIMIT LIBRARY</subfield>
  </datafield>
  <datafield tag="041" ind1=" " ind2=" ">
    <subfield code="a">eng</subfield>
  </datafield>
  <datafield tag="082" ind1=" " ind2=" ">
    <subfield code="a">658.31243</subfield>
    <subfield code="2">5</subfield>
    <subfield code="b">BLAP</subfield>
  </datafield>
  <datafield tag="100" ind1=" " ind2=" ">
    <subfield code="a">Blanchard, P Nick.</subfield>
    <subfield code="9">25472</subfield>
  </datafield>
  <datafield tag="245" ind1=" " ind2=" ">
    <subfield code="a">Effective training :</subfield>
    <subfield code="b">systems strategies and practices /</subfield>
    <subfield code="c">By P. Nick Blanchard, James W. Thacker and V. Anand Ram</subfield>
  </datafield>
  <datafield tag="250" ind1=" " ind2=" ">
    <subfield code="a">5th ed.</subfield>
  </datafield>
  <datafield tag="260" ind1=" " ind2=" ">
    <subfield code="a">New Delhi :</subfield>
    <subfield code="b">Prentice Hall of India PVt Ltd ,</subfield>
    <subfield code="c">2018.</subfield>
  </datafield>
  <datafield tag="300" ind1=" " ind2=" ">
    <subfield code="a">xviii, 498p.</subfield>
    <subfield code="c">25.4 cm.</subfield>
  </datafield>
  <datafield tag="650" ind1=" " ind2=" ">
    <subfield code="a">Training &amp; Development</subfield>
    <subfield code="9">25473</subfield>
  </datafield>
  <datafield tag="650" ind1=" " ind2=" ">
    <subfield code="a">Training in Organizations</subfield>
    <subfield code="9">25474</subfield>
  </datafield>
  <datafield tag="650" ind1=" " ind2=" ">
    <subfield code="a">Aligning Training with Strategy</subfield>
    <subfield code="9">25475</subfield>
  </datafield>
  <datafield tag="942" ind1=" " ind2=" ">
    <subfield code="2">ddc</subfield>
    <subfield code="c">BK</subfield>
    <subfield code="e">5th</subfield>
    <subfield code="k">658.31243 BLAP</subfield>
  </datafield>
  <datafield tag="999" ind1=" " ind2=" ">
    <subfield code="c">210529</subfield>
    <subfield code="d">210529</subfield>
  </datafield>
  <datafield tag="952" ind1=" " ind2=" ">
    <subfield code="0">0</subfield>
    <subfield code="1">0</subfield>
    <subfield code="2">ddc</subfield>
    <subfield code="4">0</subfield>
    <subfield code="7">0</subfield>
    <subfield code="8">MBA</subfield>
    <subfield code="a">AIMIT</subfield>
    <subfield code="b">AIMIT</subfield>
    <subfield code="d">2018-03-14</subfield>
    <subfield code="g">629.00</subfield>
    <subfield code="i">Bill no:4548; Bill dt:2018-03-12</subfield>
    <subfield code="l">0</subfield>
    <subfield code="o">658.31243 BLAP</subfield>
    <subfield code="p">MBA13097</subfield>
    <subfield code="r">2025-07-21 00:00:00</subfield>
    <subfield code="v">471.75</subfield>
    <subfield code="w">2021-07-16</subfield>
    <subfield code="y">BK</subfield>
  </datafield>
  <datafield tag="952" ind1=" " ind2=" ">
    <subfield code="0">0</subfield>
    <subfield code="1">0</subfield>
    <subfield code="2">ddc</subfield>
    <subfield code="4">0</subfield>
    <subfield code="7">0</subfield>
    <subfield code="8">MBA</subfield>
    <subfield code="a">AIMIT</subfield>
    <subfield code="b">AIMIT</subfield>
    <subfield code="d">2019-02-19</subfield>
    <subfield code="g">659.00</subfield>
    <subfield code="i">Bill no:4996; Bill dt:2019-02-15</subfield>
    <subfield code="l">1</subfield>
    <subfield code="o">658.31243 BLAP</subfield>
    <subfield code="p">MBA13371</subfield>
    <subfield code="r">2025-07-21 00:00:00</subfield>
    <subfield code="s">2024-04-05</subfield>
    <subfield code="v">527.20</subfield>
    <subfield code="w">2021-07-16</subfield>
    <subfield code="y">BK</subfield>
  </datafield>
  <datafield tag="952" ind1=" " ind2=" ">
    <subfield code="0">0</subfield>
    <subfield code="1">0</subfield>
    <subfield code="2">ddc</subfield>
    <subfield code="4">0</subfield>
    <subfield code="7">0</subfield>
    <subfield code="8">MBA</subfield>
    <subfield code="a">AIMIT</subfield>
    <subfield code="b">AIMIT</subfield>
    <subfield code="d">2019-02-19</subfield>
    <subfield code="g">659.00</subfield>
    <subfield code="i">Bill no:4996; Bill dt:2019-02-15</subfield>
    <subfield code="l">2</subfield>
    <subfield code="o">658.31243 BLAP</subfield>
    <subfield code="p">MBA13372</subfield>
    <subfield code="r">2026-04-30 16:32:55</subfield>
    <subfield code="s">2025-12-08</subfield>
    <subfield code="v">527.20</subfield>
    <subfield code="w">2021-07-16</subfield>
    <subfield code="y">BK</subfield>
  </datafield>
  <datafield tag="952" ind1=" " ind2=" ">
    <subfield code="0">0</subfield>
    <subfield code="1">0</subfield>
    <subfield code="2">ddc</subfield>
    <subfield code="4">0</subfield>
    <subfield code="7">0</subfield>
    <subfield code="8">MBA</subfield>
    <subfield code="a">AIMIT</subfield>
    <subfield code="b">AIMIT</subfield>
    <subfield code="d">2019-02-19</subfield>
    <subfield code="g">659.00</subfield>
    <subfield code="i">Bill no:4996; Bill dt:2019-02-15</subfield>
    <subfield code="l">3</subfield>
    <subfield code="o">658.31243 BLAP</subfield>
    <subfield code="p">MBA13373</subfield>
    <subfield code="r">2025-07-21 00:00:00</subfield>
    <subfield code="s">2023-07-19</subfield>
    <subfield code="v">527.20</subfield>
    <subfield code="w">2021-07-16</subfield>
    <subfield code="y">BK</subfield>
  </datafield>
  <datafield tag="952" ind1=" " ind2=" ">
    <subfield code="0">0</subfield>
    <subfield code="1">0</subfield>
    <subfield code="2">ddc</subfield>
    <subfield code="4">0</subfield>
    <subfield code="7">0</subfield>
    <subfield code="8">MBA</subfield>
    <subfield code="a">AIMIT</subfield>
    <subfield code="b">AIMIT</subfield>
    <subfield code="d">2019-02-19</subfield>
    <subfield code="g">659.00</subfield>
    <subfield code="i">Bill no:4996; Bill dt:2019-02-15</subfield>
    <subfield code="l">1</subfield>
    <subfield code="o">658.31243 BLAP</subfield>
    <subfield code="p">MBA13374</subfield>
    <subfield code="r">2025-07-21 00:00:00</subfield>
    <subfield code="s">2023-03-27</subfield>
    <subfield code="v">527.20</subfield>
    <subfield code="w">2021-07-16</subfield>
    <subfield code="y">BK</subfield>
  </datafield>
  <datafield tag="952" ind1=" " ind2=" ">
    <subfield code="0">0</subfield>
    <subfield code="1">0</subfield>
    <subfield code="2">ddc</subfield>
    <subfield code="4">0</subfield>
    <subfield code="7">3</subfield>
    <subfield code="8">MBA</subfield>
    <subfield code="a">AIMIT</subfield>
    <subfield code="b">AIMIT</subfield>
    <subfield code="d">2019-02-19</subfield>
    <subfield code="g">659.00</subfield>
    <subfield code="i">Bill no:4996; Bill dt:2019-02-15</subfield>
    <subfield code="l">0</subfield>
    <subfield code="o">658.31243 BLAP</subfield>
    <subfield code="p">MBA13375</subfield>
    <subfield code="r">2025-07-21 00:00:00</subfield>
    <subfield code="v">527.20</subfield>
    <subfield code="w">2021-07-16</subfield>
    <subfield code="y">BK</subfield>
  </datafield>
</record>
